| 000 | 00684cam a2200217 4500 | ||
|---|---|---|---|
| 001 | M1318 | ||
| 008 | 970403e1993 xxk f 000 0 eng d | ||
| 035 | _a(Sirsi) u31104 | ||
| 041 | 0 | _aeng | |
| 050 | 0 | 4 | _a347.4107 $2 18 |
| 110 | 2 |
_aNational Joint Consultative Committee for Building _9994 |
|
| 245 | 0 | 0 |
_aAlternative dispute resolution _bguidance note seven |
| 260 |
_aLondon _bNJCC _c1993 |
||
| 300 |
_a4p. _c30cm. |
||
| 350 | _a0 | ||
| 490 |
_aNJCC Guidance Note _v(7) |
||
| 651 | 4 |
_aUnited Kingdom _y |
|
| 690 | _aMANAGEMENT-DISPUTE AVOIDANCE, MANAGEMENT AND RESOLUTION-DISPUTE MANAGEMENT AND RESOLUTION-ALTERNATIVE DISPUTE RESOLUTION | ||
| 942 | _n0 | ||
| 948 | _c04/03/1997 | ||
| 999 |
_c89556 _d89556 |
||